| 000 | 00384nam a2200133 a 4500 | ||
|---|---|---|---|
| 005 | 20140412111414.0 | ||
| 008 | 070703s19uu xx 00 eng d | ||
| 050 |
_aER _bWi689 |
||
| 100 | _aAllen, Tom | ||
| 245 |
_aAdventures of the rainbow Scarecrows : _bThe Will-O'-The -Wisp / _cTom Allen. |
||
| 260 |
_aEngland : _bPeter Haddock Limited. |
||
| 440 | _aScarecrows | ||
| 999 |
_c105758 _d105758 |
||